| 000 | 01032nam a2200241Ia 4500 | ||
|---|---|---|---|
| 003 | Ost | ||
| 005 | 20260507075053.0 | ||
| 008 | 260507s9999||||xx |||||||||||||| ||und|| | ||
| 020 | _a9772793296 | ||
| 040 | _cfsecg | ||
| 041 | _aara | ||
| 082 | _a332.17 | ||
| 100 |
_aسعودي، محمد توفيق _eمؤلف |
||
| 245 | 0 |
_aبطاقات الائتمان والأسس القانونية للعلاقات الناشئة عن استخدامها / _c محمد توفيق سعودي |
|
| 260 |
_aالقاهرة: _bدار الأمين, _c2001 |
||
| 300 |
_a141 صفحة؛ _bإيضاحات ؛ _c24 سم |
||
| 504 | _aالمراجع ص.135 | ||
| 520 | _aبطاقات الائتمان، الطبيعة القانونية للعلاقات الناشئة عن استخدام البطاقة، المسؤولية المدنية والجنائية الناشئة عن استخدام بطاقات الائتمان | ||
| 653 | _aالإئتمان المصرفي | ||
| 653 | _aالبنوك | ||
| 653 | _aقانون | ||
| 942 | _cكتاب | ||
| 999 |
_c42693 _d42693 |
||